| 000 | 00721nam a22001577a 4500 | ||
|---|---|---|---|
| 008 | 100623t xxu||||| |||| 00| 0 eng d | ||
| 082 |
_222 _bخ ش ي _a246 |
||
| 100 | 1 |
_915141 _aخشيم، علي فهمي |
|
| 245 |
_aالجبائيان : _bأبو علي و أبو هاشم / _cعلي فهمي خشيم. |
||
| 260 |
_a[د. م.] _b[د. ن.]، _c1968. |
||
| 300 |
_a418 ص : _c24 سم. |
||
| 504 | _aيحتوي علي فهارس وارجاعات ببليوجرافية . | ||
| 650 |
_915268 _aمحمد، أبو هاشم عبد السلام بن ابي علي |
||
| 650 |
_915269 _aبن أبان، أبو علي الجبائي محمد بن عبد الوهاب بن سلام بن خالد بن حمران |
||
| 942 |
_2ddc _cBB |
||
| 999 |
_c14201 _d14201 |
||